02568cam a22003615a 4500001001000000003000300010005001700013008004100030015001900071016001800090020001900108020001500127040003700142042001100179082001700190245010800207246004000315250004000355260004800395300007100443500002400514505105600538650002901594650004001623651001001663653002501673700004001698856014201738942002101880999001701901952013801918952015002056016558778Uk20201128023803.0131125s2015 nyua fr 001 0 eng|d aGBB3B03742bnb7 a0165587782Uk a9781259255830  a1259255832 aStDuBDSbengcStDuBDSdEG-ScBUE  aukblsr04222a657bFIN00aFinancial & managerial accounting :bthe basis for business decisions /cJan R. Williams ... [et al.]. 13aFinancial and managerial accounting a17th ed., International student ed. aNew York :bMcGraw-Hill Education,cc.2015. axxxii, 1147 p., 77 p. in various foliations :bcol. ill. ;c28 cm. aIndex : p. I- I-20. aAccounting: information for decision making -- Basic financial statements -- The accounting cycle : capturing economic events -- The accounting cycle : accruals and deferrals -- The accounting cycle : reporting financial results -- Comprehensive problem I ; Merchandising activities -- Financial assets -- Inventories and the cost of goods sold -- Comprehensive problem 2; Plant and intangible assets -- Liabilities -- Stockholders' equity : paid-in capital -- Comprehensive problem 3; Income and changes in retained earnings -- Statement of cash flows -- Financial statement analysis -- Comprehensive problem 4; Global business and accounting -- Management accounting : a business partner -- Job order cost systems and overhead allocations -- Process costing -- Costing and the value chain -- Cost-volume-profit analysis -- Incremental analysis -- Comprehensive problem 5; Responsibility accounting and transfer pricing -- Operational budgeting -- Standard cost systems -- Rewarding business performance -- Comprehensive problem 6; Capital budgeting. 7aAccounting.2BUEsh99036 7aManagerial accounting.2BUEsh91343 2BUEsh bBUSADMcAugust 2016 1 aWilliams, Jan R. 91508 uhttp://highered.mheducation.com/sites/007802577x/information_center_view0/index.htmlyOnline learning center for students and instructors 2ddce22k657 FIN c22142d22114 00102ddc40708BaccahaMAINbMAINc1STd2016-08-09ePurchaseg480.00h25846l0o657 FINp000033133r2025-07-15 00:00:00v600.00yBB 00102ddc40708BaccahaMAINbMAINc1STd2016-08-09ePurchaseg480.00h25846l1o657 FINp000033132r2025-07-15 00:00:00s2018-05-16v600.00yBB